000
00329 a2200157 4500
001
181934
020
_a
040
_c
Magnum
100
_a
Viana, Vivina de Assis
240
1
0
_a
Sera que ele vem ?
_l
por
245
1
0
_a
Sera que ele vem ?
362
0
_a
1899
440
1
_a
Moderna
697
_a
MAGNITO: IJ/GERAL
942
_c
BK
999
_c
181934
_d
181934